Wyspy Hawajów - Quiz na mapie - Statystyki

Ogólne statystyki
  • Ten quiz został rozwiązany 1 000 razy
  • Średni wynik to 3 z 8
Odpowiedzi na mapie
Odpowiedzi zakodowano w zielono-czerwonej skali na mapie do tego quizu, zgodnie z poniższymi procentami.
 
Statystyki odpowiedzi
Odpowiedź % Poprawnych
Hawaiʻi
76%
Oʻahu
49%
Maui
41%
Kahoʻolawe
36%
Kauaʻi
35%
Lānaʻi
29%
Niʻihau
27%
Molokaʻi
26%
Nie znaleziono quizów pasujących do podanych kryteriów
Rozkład punktacji
Procent ludzi z każdym wynikiem
Percentyl według liczby udzielonych odpowiedzi
Twoja historia wyników
Nie rozwiązałeś tego quizu